000 00399 a2200169 4500
003 NUST
005 20230123141258.0
040 _cNust
082 _a808.83,CON
100 _aConrad, Joseph
_912132
245 _aThe Rover /
_cJoseph Conrad
260 _aLondon
_bPan Books
_c1923
300 _a208 p.;
505 _aContents not Available
650 _aNovel
_92525
942 _2ddc
_cBK
_k808.83,CON
999 _c186763
_d186763